[Event "Morava-ch U16"]
[Site "Loucna nad Desnou"]
[Date "2017.10.26"]
[Round "5"]
[White "Vantuch, Lucian"]
[Black "Mikesch, Dalibor"]
[Result "1-0"]
[WhiteElo "1752"]
[BlackElo "1421"]
[PlyCount "61"]
[EventDate "2017.10.24"]
[EventType "swiss"]
[EventRounds "9"]
[EventCountry "CZE"]
[SourceTitle "EXT 2020"]
[Source "ChessBase"]
[SourceDate "2019.10.17"]
[SourceVersion "1"]
[SourceVersionDate "2019.10.17"]
[SourceQuality "1"]

1. e4 c5 2. Nf3 d6 3. d4 cxd4 4. Nxd4 Nf6 5. Nc3 a6 6. f3 e5 7. Nb3 Be6 8. Be3 Be7 9. Qd2 0-0 10. 0-0-0 Nbd7 11. g4 b5 12. g5 b4 13. Ne2 Ne8 14. Kb1 a5 15. f4 a4 16. Nbc1 exf4 17. Bxf4 Qb8 18. Nd4 Qb6 19. Nf5 Qd8 20. Nxe7+ Qxe7 21. Qxb4 Kh8 22. e5 Rb8 23. exd6 Rxb4 24. dxe7 Rg8 25. Bd2 Rb7 26. a3 Ne5 27. Bb4 Ng6 28. Nd3 Nxe7 29. Nc5 Bd5 30. Rxd5 Rxb4 31. Rd7 1-0

[Event "Morava-ch U16"]
[Site "Loucna nad Desnou"]
[Date "2017.10.24"]
[Round "1"]
[White "Vraj, Ondrej"]
[Black "Mikesch, Dalibor"]
[Result "1-0"]
[WhiteElo "1938"]
[BlackElo "1421"]
[PlyCount "95"]
[EventDate "2017.10.24"]
[EventType "swiss"]
[EventRounds "9"]
[EventCountry "CZE"]
[SourceTitle "EXT 2020"]
[Source "ChessBase"]
[SourceDate "2019.10.17"]
[SourceVersion "1"]
[SourceVersionDate "2019.10.17"]
[SourceQuality "1"]

1. e4 c5 2. Nf3 d6 3. d4 cxd4 4. Nxd4 Nf6 5. Nc3 a6 6. Be2 e5 7. Nb3 Be7 8. 0-0 0-0 9. Kh1 Be6 10. f4 Qc7 11. f5 Bc4 12. Bxc4 Qxc4 13. Qf3 Nbd7 14. Be3 Rac8 15. g4 d5 16. g5 Nxe4 17. Nxe4 Qxe4 18. Qxe4 dxe4 19. f6 gxf6 20. gxf6 Bxf6 21. Bh6 Rfe8 22. Rad1 Red8 23. Rxf6 Nxf6 24. Rg1+ Kh8 25. Bg7+ Kg8 26. Bxf6+ Kf8 27. c3 Rd5 28. Rg5 Rd1+ 29. Kg2 Rb1 30. Bg7+ Ke8 31. Rxe5+ Kd7 32. Nc5+ Kc6 33. b4 Rg8 34. Rg5 Rb2+ 35. Kg3 e3 36. Kf3 Rxa2 37. Kxe3 Rxh2 38. Kf3 Rh1 39. Ne4 Rf1+ 40. Ke2 Rf4 41. Ke3 Rh4 42. Rc5+ Kb6 43. Bd4 Rhg4 44. Nf6 Rg3+ 45. Kf4 R8g6 46. Nd7+ Ka7 47. Rc7+ Ka8 48. Rc8# 1-0

[Event "Ostrava Konik op"]
[Site "Ostrava"]
[Date "2014.04.30"]
[Round "5"]
[White "Sandor, Stefan"]
[Black "Mikesch, Dalibor"]
[Result "1-0"]
[WhiteElo "1653"]
[BlackElo "1293"]
[PlyCount "113"]
[EventDate "2014.04.26"]
[EventType "swiss"]
[EventRounds "9"]
[EventCountry "CZE"]
[SourceTitle "CBM 160 Extra"]
[Source "ChessBase"]
[SourceDate "2014.07.01"]
[SourceVersion "1"]
[SourceVersionDate "2014.07.01"]
[SourceQuality "1"]

1. e4 c5 2. d4 cxd4 3. Qxd4 Nc6 4. Qd3 Nf6 5. Nf3 e6 6. Nc3 Bb4 7. Bd2 0-0 8. 0-0-0 d5 9. exd5 Nxd5 10. Nxd5 exd5 11. Bxb4 Nxb4 12. Qb3 Qb6 13. a3 Nc6 14. Qxb6 axb6 15. Rxd5 Re8 16. h3 Be6 17. Rd2 Nb4 18. Bb5 Rf8 19. Nd4 Nd5 20. Nxe6 fxe6 21. g3 Ra5 22. Bc4 Rc5 23. Bb3 Ra5 24. Rhd1 Rd8 25. c4 Rc8 26. Kb1 Nf6 27. Rd8+ Rxd8 28. Rxd8+ Kf7 29. Bc2 h6 30. Rd6 Rc5 31. Rxb6 Rxc4 32. Rxb7+ Kg8 33. Bg6 Rc8 34. Bf7+ Kh7 35. Bxe6 Rc5 36. g4 h5 37. f3 Re5 38. Bf5+ Kh6 39. Rb3 Re1+ 40. Ka2 Rh1 41. gxh5 Nxh5 42. a4 Nf4 43. Rb4 Nd5 44. Rb3 Rc1 45. a5 Nc7 46. Rb6+ Rc6 47. Rxc6+ Kg5 48. Rxc7 Kxf5 49. a6 Kf4 50. a7 Kxf3 51. a8Q+ Kg3 52. Rxg7+ Kf4 53. Qe8 Kf3 54. Rf7+ Kg3 55. Qg8+ Kh2 56. Rf2+ Kh1 57. Qg2# 1-0

[Event "Ostrava Konik op"]
[Site "Ostrava"]
[Date "2014.04.26"]
[Round "1"]
[White "Lamser, Tomas"]
[Black "Mikesch, Dalibor"]
[Result "1-0"]
[WhiteElo "1941"]
[BlackElo "1293"]
[PlyCount "59"]
[EventDate "2014.04.26"]
[EventType "swiss"]
[EventRounds "9"]
[EventCountry "CZE"]
[SourceTitle "CBM 160 Extra"]
[Source "ChessBase"]
[SourceDate "2014.07.01"]
[SourceVersion "1"]
[SourceVersionDate "2014.07.01"]
[SourceQuality "1"]

1. e4 c5 2. Nf3 d6 3. d3 Nc6 4. g3 Nf6 5. Bg2 e6 6. 0-0 Be7 7. Re1 0-0 8. e5 dxe5 9. Nxe5 Nxe5 10. Rxe5 Qc7 11. Re1 Rd8 12. b3 Rb8 13. Nc3 b5 14. Ne4 Nxe4 15. Rxe4 c4 16. bxc4 bxc4 17. Bf4 Bd6 18. Rxc4 Qb6 19. Qh5 Bb7 20. Be3 Qb2 21. Bd4 Qa3 22. Qg5 Bf8 23. Be5 Qa5 24. Qf4 Ba6 25. Ra4 Qb6 26. Bxb8 Rxb8 27. Rxa6 Qxa6 28. Qxb8 Qa4 29. Qb3 Qa6 30. c4 1-0